Faculty of Law Library — Cairo University

Official Online Catalog

Des Cas Dans Lesquels U Le Ministère Public Peut Agir D'office En Matière Civile/ (Record no. 72120)

MARC details
000 -LEADER
fixed length control field 01278nam a22003377i 4500
003 - CONTROL NUMBER IDENTIFIER
control field EG-GICUC
005 - DATE AND TIME OF LATEST TRANSACTION
control field 20260420122957.0
008 - FIXED-LENGTH DATA ELEMENTS--GENERAL INFORMATION
fixed length control field 260420s1914 fr fr|||| 000 0 fre d
040 ## - CATALOGING SOURCE
Original cataloging agency EG-GiCUC
Language of cataloging fre
Transcribing agency EG-GiCUC
Modifying agency EG-GiCUC
Description conventions Rda
041 ## - LANGUAGE CODE
Language code of text/sound track or separate title fre
082 04 - DEWEY DECIMAL CLASSIFICATION NUMBER
Edition number 21
Classification number 343.3311
Item number LU . D
092 04 - LOCALLY ASSIGNED DEWEY CALL NUMBER (OCLC)
Edition number 21
099 ## - LOCAL FREE-TEXT CALL NUMBER (OCLC)
Classification number Law1 10 343.3311 Lu . D 1 Ed - 1941
100 1# - MAIN ENTRY--PERSONAL NAME
Personal name Ranger . Lucette
Relator term Auteur
245 ## - TITLE STATEMENT
Title Des Cas Dans Lesquels U Le Ministère Public Peut Agir D'office En Matière Civile/
Statement of responsibility, etc. Par Lucette Ranger.
264 ## - PRODUCTION, PUBLICATION, DISTRIBUTION, MANUFACTURE, AND COPYRIGHT NOTICE
Place of production, publication, distribution, manufacture Paris :
Name of producer, publisher, distributor, manufacturer Les Éditions Domat-montchrestien F. Loviton Et C,
Date of production, publication, distribution, manufacture, or copyright notice 1941
300 ## - PHYSICAL DESCRIPTION
Extent 150 page ;
Dimensions 24 cm.
336 ## - CONTENT TYPE
Source rda contenu
Content type term texte
337 ## - MEDIA TYPE
Source rda medias
Media type term Ordinateur
338 ## - CARRIER TYPE
Source transporteur rda
Carrier type term Ressource en ligne
500 ## - GENERAL NOTE
General note Présentée Et Soutenue Le 8 Décembre 1941, À 13 H. 30.
504 ## - BIBLIOGRAPHY, ETC. NOTE
Bibliography, etc. note Jury:<br/>Président M. Julliot De La Morandiere.<br/>Suffragants:<br/>Mm. Donnedieu De Vabres, Professeur. Esmein, Professeur.
546 ## - LANGUAGE NOTE
Language note Texte en français
650 14 - SUBJECT ADDED ENTRY--TOPICAL TERM
Topical term or geographic name entry element Droit Pénal.
Source of heading or term qrmak
651 1# - SUBJECT ADDED ENTRY--GEOGRAPHIC NAME
Source of heading or term qrmak
700 1# - ADDED ENTRY--PERSONAL NAME
Personal name M. Julliot De La Morandiere.
710 ## - ADDED ENTRY--CORPORATE NAME
Corporate name or jurisdiction name as entry element Université De Paris,
Subordinate unit Faculté De Droit.
856 40 - ELECTRONIC LOCATION AND ACCESS
Uniform Resource Identifier <a href="https://fll.law.cu.edu.eg/fulltext/bks/B10-10769.pdf">https://fll.law.cu.edu.eg/fulltext/bks/B10-10769.pdf</a>
905 ## - Cataloger and Reviser Names
Cataloger Name: Ganna Ahmed
942 ## - ADDED ENTRY ELEMENTS (KOHA)
Source of classification or shelving scheme Dewey Decimal Classification
Koha item type Books
Edition 21
Suppress in OPAC No
Holdings
Withdrawn status Lost status Source of classification or shelving scheme Damaged status Not for loan Collection Home library Current library Date acquired Total checkouts Full call number Barcode Date last seen Copy number Price effective from Koha item type
    Dewey Decimal Classification   Not for loan القانون الجنائي جــــامعة القــاهرة مكتبة كلية الحقوق - المبنى الرئيسي 20.04.2026   Law1 10 343.3311 Lu . D 1 Ed - 1941 1010759 C1 B10-10769 20.04.2026 1 20.04.2026 Books

© All rights reserved — Faculty of Law, Cairo University